10 Worst U.S States for Mosquitos - Statistics

General Stats
  • This quiz has been taken 303 times
  • The average score is 7 of 10
Answer Stats
# Mosquito State % Correct
1 Florida
95%
2 Texas
91%
6 Alabama
89%
4 Georgia
89%
3 Louisiana
87%
5 North Carolina
68%
10 Virginia
67%
8 Oklahoma
59%
9 Montana
19%
7 South Dakota
11%
No matching quizzes found
Score Distribution
Percent of People with Each Score
Percentile by Number Answered
Your Score History
You have not taken this quiz